000 00384cam a22001337a 4500
008 180718b1975 xxu||||| |||| 00| 0 eng d
082 _aT19x54 M314
100 _aMankekar, D.R.
245 _aA revolution of rising frustrations
_cby D.R. Mankekar
260 _aDelhi
_bVikas
_c1975
300 _a117p.
650 _aEconomic development - India
650 _aIndia - Economic conditions
999 _c349871
_d349871